000 00452nam a2200181Ia 4500
005 20230912093250.0
008 131103s9999 xx 000 0 und d
040 _aLoreto College
041 _aEnglish
082 _a232
_bSCH
100 _aSchuyler, Henry C
245 4 _aThe Charity of Christ
_cHenry C Schuyler
260 _aLondon
_bPeter reilly
_c1919
300 _a177p.
650 _aJesus & her family
850 _aLCLIB
942 _cBK
999 _c24545
_d75024